[Event "Oberliga Nord N 2324"]
[Site "Germany"]
[Date "2024.02.04"]
[Round "5.8"]
[White "Hloskovsky, Andrei"]
[Black "Keyser, Philipp"]
[Result "0-1"]
[WhiteElo "2089"]
[BlackElo "2027"]
[PlyCount "84"]
[EventDate "2023.10.22"]
[EventType "team-tourn"]
[EventRounds "9"]
[EventCountry "GER"]
[SourceTitle "EXT 2025"]
[Source "ChessBase"]
[SourceDate "2024.10.14"]
[SourceVersion "1"]
[SourceVersionDate "2024.10.14"]
[SourceQuality "1"]
[WhiteTeam "Hamburg Koenigsspringer"]
[BlackTeam "Johanneum Eppendorf"]
[WhiteTeamCountry "GER"]
[BlackTeamCountry "GER"]

1. e4 c5 2. Nc3 Nc6 3. g3 g6 4. Bg2 Bg7 5. d3 d6 6. Be3 Rb8 7. Qd2 b5 8. Nge2 b4 9. Nd1 e5 10. 0-0 Nf6 11. Bh6 0-0 12. Bxg7 Kxg7 13. Ne3 Nd4 14. Nc1 h5 15. c3 Ne6 16. Ne2 h4 17. f4 bxc3 18. bxc3 hxg3 19. hxg3 Rh8 20. f5 Ng5 21. g4 Rh4 22. fxg6 Nxg4 23. gxf7 Nxf7 24. Ng3 Nxe3 25. Qxe3 Rb2 26. Rf2 Rxf2 27. Qxf2 Qg5 28. Nf5+ Bxf5 29. Qxf5 Qxf5 30. exf5 Kf6 31. Bd5 Nh6 32. Rb1 Nxf5 33. Rb7 Rg4+ 34. Kf2 Rg7 35. Rb8 Kg5 36. Rd8 Kf4 37. Be4 Rh7 38. Rf8 Rh5 39. Rf6 c4 40. Bxf5 Rxf5 41. Rxf5+ Kxf5 42. dxc4 Kf4 0-1

[Event "Oberliga Nord N 2223"]
[Site "Germany"]
[Date "2023.03.19"]
[Round "7.7"]
[White "Hloskovsky, Andrei"]
[Black "Willsch, Matthias"]
[Result "1-0"]
[WhiteElo "2067"]
[BlackElo "2098"]
[PlyCount "37"]
[EventDate "2022.10.23"]
[EventType "team-tourn"]
[EventRounds "9"]
[EventCountry "GER"]
[SourceTitle "EXT 2025"]
[Source "ChessBase"]
[SourceDate "2024.10.14"]
[SourceVersion "1"]
[SourceVersionDate "2024.10.14"]
[SourceQuality "1"]
[WhiteTeam "Hamburg Koenigsspringer"]
[BlackTeam "Preetz"]
[WhiteTeamCountry "GER"]
[BlackTeamCountry "GER"]

1. e4 e6 2. b3 d5 3. Bb2 c5 4. g3 Nf6 5. e5 Nfd7 6. f4 Nc6 7. Nf3 Be7 8. Bg2 b5 9. 0-0 f5 10. exf6 Bxf6 11. Ne5 Ncxe5 12. fxe5 Bxe5 13. Bxe5 Nxe5 14. Qe2 Nc6 15. Nc3 Nd4 16. Qh5+ Kd7 17. Bxd5 Rb8 18. Rf7+ Kd6 19. Ne4# 1-0

[Event "Oberliga Nord N 2122"]
[Site "Germany"]
[Date "2022.05.01"]
[Round "9.7"]
[White "Dietz, Juergen"]
[Black "Hloskovsky, Andrei"]
[Result "1-0"]
[WhiteElo "2113"]
[BlackElo "2082"]
[PlyCount "73"]
[EventDate "2021.10.31"]
[EventType "team-tourn"]
[EventRounds "9"]
[EventCountry "GER"]
[SourceTitle "EXT 2023"]
[Source "ChessBase"]
[SourceDate "2022.10.05"]
[SourceVersion "1"]
[SourceVersionDate "2022.10.05"]
[SourceQuality "1"]
[WhiteTeam "Hamburg Schachfreunde"]
[BlackTeam "Hamburg Koenigsspringer"]
[WhiteTeamCountry "GER"]
[BlackTeamCountry "GER"]

1. f4 g6 2. Nf3 Bg7 3. e4 c5 4. Be2 Nc6 5. c3 d5 6. d3 e6 7. 0-0 Nge7 8. Be3 b6 9. e5 Nf5 10. Bf2 h5 11. d4 c4 12. b3 b5 13. a4 Qa5 14. Na3 bxa4 15. bxc4 a6 16. Nb1 dxc4 17. Rxa4 Qd8 18. Nbd2 Nce7 19. Nh4 Bd7 20. Nxf5 gxf5 21. Rxc4 Nd5 22. Bf3 Bb5 23. Re1 Bxc4 24. Nxc4 0-0 25. Bxd5 Qxd5 26. Nb6 Qa5 27. Nxa8 Rxa8 28. c4 Rb8 29. d5 exd5 30. cxd5 Rb2 31. d6 Qd2 32. Qxd2 Rxd2 33. Ra1 f6 34. Be1 Rd5 35. Ra5 Rxa5 36. Bxa5 fxe5 37. d7 1-0

[Event "Oberliga Nord N 2122"]
[Site "Germany"]
[Date "2021.11.20"]
[Round "3.7"]
[White "Hloskovsky, Andrei"]
[Black "Zeller, Joerg"]
[Result "1-0"]
[WhiteElo "2043"]
[BlackElo "2163"]
[PlyCount "79"]
[EventDate "2021.10.31"]
[EventType "team-tourn"]
[EventRounds "9"]
[EventCountry "GER"]
[SourceTitle "EXT 2023"]
[Source "ChessBase"]
[SourceDate "2022.10.05"]
[SourceVersion "1"]
[SourceVersionDate "2022.10.05"]
[SourceQuality "1"]
[WhiteTeam "Hamburg Koenigsspringer"]
[BlackTeam "Kiel Turm II"]
[WhiteTeamCountry "GER"]
[BlackTeamCountry "GER"]

1. e4 c5 2. Nc3 Nc6 3. g3 g6 4. Bg2 Bg7 5. d3 d6 6. Be3 Nf6 7. h3 0-0 8. Qd2 Re8 9. f4 e5 10. fxe5 Nxe5 11. Nge2 Be6 12. 0-0 d5 13. Bf4 Nc6 14. e5 Nd7 15. Bg5 Qb8 16. Nxd5 Bxe5 17. Nef4 Qd6 18. c3 Rac8 19. Nxe6 fxe6 20. Nf4 Bg7 21. Rae1 Nde5 22. d4 Nf7 23. Nd3 cxd4 24. c4 b6 25. b4 Ncd8 26. c5 Qxg3 27. Bf4 Qh4 28. Re4 Qh5 29. Rfe1 g5 30. Be5 Nxe5 31. Nxe5 bxc5 32. Bf3 Qxh3 33. Qxg5 Qf5 34. Qg3 Kh8 35. Rg4 Rg8 36. Ng6+ hxg6 37. Qh3+ Qh5 38. Rh4 Bh6 39. Bxh5 gxh5+ 40. Kh1 1-0

[Event "Hamburg-chT Landesliga 1920"]
[Site "Hamburg"]
[Date "2020.01.19"]
[Round "5.2"]
[White "Hawellek, Jeronimo"]
[Black "Hloskovsky, Andrei"]
[Result "1-0"]
[WhiteElo "2253"]
[BlackElo "2071"]
[PlyCount "62"]
[EventDate "2019.09.29"]
[EventType "team-tourn"]
[EventRounds "9"]
[EventCountry "GER"]
[SourceTitle "EXT 2021"]
[Source "ChessBase"]
[SourceDate "2020.10.23"]
[SourceVersion "1"]
[SourceVersionDate "2020.10.23"]
[SourceQuality "1"]

1. d4 f5 2. g3 Nf6 3. Bg2 e6 4. Nf3 d5 5. c4 c6 6. 0-0 Bd6 7. b3 Qe7 8. Ne5 0-0 9. Qc2 b6 10. cxd5 cxd5 11. Nc4 Nc6 12. Nxd6 Qxd6 13. Qb2 Ba6 14. Bf4 Qb4 15. Rd1 Nh5 16. a3 Qe7 17. Nc3 Nxf4 18. gxf4 Qh4 19. Qd2 Ne7 20. Qe3 Ng6 21. Qxe6+ Kh8 22. e3 Rad8 23. Qc6 Qh5 24. Qa4 Nh4 25. Qxa6 Qg6 26. Qf1 Rd6 27. f3 Qh5 28. Ne2 Rh6 29. Ng3 Nxf3+ 30. Qxf3 Qxh2+ 31. Kf2 Rc6 1-0

[Event "Oberliga Nord N 1920"]
[Site "Germany"]
[Date "2019.10.20"]
[Round "2.6"]
[White "Westphal, Wolfgang"]
[Black "Hloskovsky, Andrei"]
[Result "1/2-1/2"]
[WhiteElo "2164"]
[BlackElo "2062"]
[PlyCount "47"]
[EventDate "2019.09.29"]
[EventType "team-tourn"]
[EventRounds "9"]
[EventCountry "GER"]
[SourceTitle "CBM 195 Extra"]
[Source "ChessBase"]
[SourceDate "2020.05.31"]
[SourceVersion "1"]
[SourceVersionDate "2020.05.31"]
[SourceQuality "1"]

1. e4 Nc6 2. d4 d5 3. e5 Bf5 4. Ne2 e6 5. Nf4 Be7 6. Be3 Bg5 7. Bb5 Bxf4 8. Bxf4 Qh4 9. Qd2 Nge7 10. Nc3 0-0 11. 0-0 Ng6 12. Be3 f6 13. g3 Qh3 14. f4 fxe5 15. fxe5 Nce7 16. Rf2 Bg4 17. Raf1 c6 18. Bd3 Nf5 19. Ne2 Rf7 20. Nf4 Nxf4 21. Rxf4 Raf8 22. Bxf5 Rxf5 23. Rxf5 Rxf5 24. Rxf5 1/2-1/2

[Event "Oberliga Nord N 1617"]
[Site "Germany"]
[Date "2016.10.16"]
[Round "1.8"]
[White "Parvanyan, Alfred"]
[Black "Hloskovsky, Andrei"]
[Result "1-0"]
[WhiteElo "2053"]
[BlackElo "2104"]
[PlyCount "87"]
[EventDate "2016.10.16"]
[EventType "team-tourn"]
[EventRounds "9"]
[EventCountry "GER"]
[SourceTitle "EXT 2018"]
[Source "ChessBase"]
[SourceDate "2017.10.13"]
[SourceVersion "1"]
[SourceVersionDate "2017.10.13"]
[SourceQuality "1"]
[WhiteTeam "Neumuenster Agon"]
[BlackTeam "Hamburg Koenigsspringer"]
[WhiteTeamCountry "GER"]
[BlackTeamCountry "GER"]

1. Nf3 d5 2. c4 c6 3. g3 e6 4. Bg2 f5 5. 0-0 Nf6 6. b3 Bd6 7. Bb2 Nbd7 8. d3 0-0 9. Nc3 f4 10. e4 fxe3 11. fxe3 Ng4 12. Qe2 Ndf6 13. e4 d4 14. Nd1 Ne5 15. Nxe5 Bxe5 16. Ba3 Rf7 17. Nf2 Qc7 18. Nh3 h6 19. Nf4 g5 20. Nh5 Nxh5 21. Qxh5 Kg7 22. Rae1 b6 23. h4 Bf6 24. e5 Bd8 25. Rxf7+ Qxf7 26. Qxf7+ Kxf7 27. Bxc6 Rb8 28. Rf1+ Kg7 29. Bd6 Bb7 30. Bd7 Ra8 31. Bxe6 Bc6 32. Bf8+ Kg6 33. Bf7+ Kh7 34. h5 Bc7 35. Bg6+ Kg8 36. Bxh6 Bxe5 37. Bxg5 Bxg3 38. h6 Be5 39. Rf5 Bh8 40. Rf7 Be5 41. Re7 Bh8 42. Rc7 Be8 43. h7+ Kf8 44. Bh6+ 1-0

[Event "Hamburg-ch"]
[Site "Hamburg"]
[Date "2016.05.17"]
[Round "4"]
[White "Hloskovsky, Andrei"]
[Black "Wenzel, Birger"]
[Result "1/2-1/2"]
[WhiteElo "2070"]
[BlackElo "1960"]
[PlyCount "94"]
[EventDate "2016.05.14"]
[EventType "swiss"]
[EventRounds "9"]
[EventCountry "GER"]
[SourceTitle "EXT 2018"]
[Source "ChessBase"]
[SourceDate "2017.10.13"]
[SourceVersion "1"]
[SourceVersionDate "2017.10.13"]
[SourceQuality "1"]

1. e4 g6 2. d3 Bg7 3. g3 d5 4. Nd2 e5 5. Bg2 Ne7 6. Ngf3 0-0 7. 0-0 a5 8. a4 Re8 9. Re1 Nbc6 10. c3 Ra6 11. Qc2 Be6 12. Ng5 Bc8 13. h4 f6 14. exd5 Nxd5 15. Nge4 Nce7 16. Nc4 b6 17. b3 Bf5 18. Bb2 Qd7 19. Qe2 Bg4 20. Bf3 Bxf3 21. Qxf3 Raa8 22. Rad1 Qf5 23. Qg2 Rad8 24. Ne3 Nxe3 25. fxe3 Qe6 26. c4 f5 27. Ng5 Qc6 28. d4 Qxg2+ 29. Kxg2 Nc6 30. d5 Nb4 31. Ne6 Nc2 32. Re2 Rxe6 33. Rxc2 Red6 34. e4 fxe4 35. Re1 c6 36. Ba3 R6d7 37. dxc6 Rc7 38. Rxe4 Rxc6 39. Rce2 Rcc8 40. R4e3 Rd1 41. Bb2 Rb1 42. Bxe5 Bxe5 43. Rxe5 Rxb3 44. Rb5 Rb4 45. Rxb4 axb4 46. Re6 Rxc4 47. Rxb6 b3 1/2-1/2